00414cam a22001452 4500001001100000005001700011008004100028040001500069050001500084100003000099245003900129260004600168300001100214651004300225000000068220151217155805.0070215s xx 000 0 eng d aKABUcKABU 0aDT36b.D841 aDuffy, James.@000002062910aPortugal in Africa /cJames Duffy. aHarmondsworth, England :bPenguin,c1962. a240 p. 0aAfricaxHistoryzPortugal.@0000148976